[Event "31. Abierto Ciudad de Sevilla"]
[Site "Sevilla ESP"]
[Date "2006.01.08"]
[Round "2.11"]
[White "Morales Cano, Carlos"]
[Black "Khamrakulov, Ibragim S"]
[Result "0-1"]
[WhiteElo "2050"]
[BlackElo "2499"]
[PlyCount "70"]
[EventDate "2006.01.07"]
[EventType "swiss"]
[EventRounds "9"]
[EventCountry "ESP"]
[Source "lmi"]
[SourceDate "2006.01.09"]

1. e4 c5 2. Nc3 a6 3. d3 g6 4. g3 Bg7 5. Bg2 Nc6 6. Nge2 e6 7. O-O Nge7 8. Be3
Nd4 9. Qd2 O-O 10. f4 d6 11. Nd1 Rb8 12. c3 Nxe2+ 13. Qxe2 b5 14. d4 cxd4 15.
cxd4 b4 16. Nf2 Bd7 17. Rfd1 Bb5 18. Qd2 d5 19. e5 Nf5 20. Nd3 Bxd3 21. Qxd3
Qb6 22. Bf2 Rfc8 23. g4 Ne7 24. Rdc1 f6 25. Kh1 fxe5 26. fxe5 Bh6 27. Rf1 Rf8
28. Qh3 Bf4 29. Qh4 g5 30. Qh6 Ng6 31. Rad1 Rbc8 32. Rd3 Rc2 33. Rh3 Qc7 34.
Be3 Qg7 35. Qh5 Bxe3 0-1

[Event "31. Abierto Ciudad de Sevilla"]
[Site "Sevilla ESP"]
[Date "2006.01.08"]
[Round "2.12"]
[White "Mirzoev, Azer"]
[Black "Borondo Garcia, Raul"]
[Result "1-0"]
[WhiteElo "2498"]
[BlackElo "2054"]
[PlyCount "77"]
[EventDate "2006.01.07"]
[EventType "swiss"]
[EventRounds "9"]
[EventCountry "ESP"]
[Source "lmi"]
[SourceDate "2006.01.09"]

1. d4 d5 2. c4 c6 3. Nf3 e6 4. e3 Nf6 5. Bd3 Nbd7 6. O-O Be7 7. Nc3 O-O 8. b3
b6 9. Bb2 Bb7 10. Qe2 c5 11. Rad1 cxd4 12. exd4 Qb8 13. Ne5 Rd8 14. f4 Nf8 15.
f5 Bd6 16. Nb5 Bb4 17. fxe6 Nxe6 18. Bf5 Nf8 19. a3 a6 20. axb4 axb5 21. c5
bxc5 22. bxc5 b4 23. Ra1 Ne4 24. Nxf7 Rxa1 25. Bxa1 Re8 26. Ne5 Qa8 27. Qc2 Ba6
28. Re1 Nf6 29. Bb2 Qb8 30. Ra1 Bc8 31. h3 Qc7 32. Rf1 Ba6 33. Rf3 Bb5 34. Bc1
Ra8 35. Bg5 h6 36. Bxf6 gxf6 37. Rg3+ Kh8 38. Qd2 Nh7 39. Qxh6 1-0

[Event "31. Abierto Ciudad de Sevilla"]
[Site "Sevilla ESP"]
[Date "2006.01.08"]
[Round "2.13"]
[White "Peña Dieguez, Manuel"]
[Black "Del Rio Angelis, Salvador Gabriel"]
[Result "0-1"]
[WhiteElo "2041"]
[BlackElo "2497"]
[PlyCount "75"]
[EventDate "2006.01.07"]
[EventType "swiss"]
[EventRounds "9"]
[EventCountry "ESP"]
[Source "lmi"]
[SourceDate "2006.01.09"]

1. d4 Nf6 2. Nf3 e6 3. g3 d5 4. Bg2 Be7 5. c4 O-O 6. Qc2 c6 7. O-O b6 8. b3
Nbd7 9. Nbd2 Bb7 10. e4 Rc8 11. Bb2 Qc7 12. Rac1 Qb8 13. Qb1 Rfd8 14. Rfd1 h6
15. e5 Ne8 16. Nf1 c5 17. cxd5 Bxd5 18. Ne3 Bxf3 19. Bxf3 cxd4 20. Rxc8 Rxc8
21. Bxd4 Nxe5 22. Bxe5 Qxe5 23. Rd7 Rc7 24. Qd1 Nf6 25. Rd3 h5 26. Kg2 g6 27.
Rd4 Kg7 28. Nc4 Qc5 29. Ne3 Qb5 30. Be2 Qe8 31. Nc4 Rc5 32. Bf3 Qc8 33. Qe2 b5
34. Ne3 e5 35. Rh4 Nh7 36. Rb4 Ng5 37. Rxb5 Qh3+ 38. Kg1 0-1

[Event "31. Abierto Ciudad de Sevilla"]
[Site "Sevilla ESP"]
[Date "2006.01.08"]
[Round "2.15"]
[White "Vela Ignacio, Jose Manuel"]
[Black "Movsziszian, Karen"]
[Result "0-1"]
[WhiteElo "2034"]
[BlackElo "2486"]
[PlyCount "136"]
[EventDate "2006.01.07"]
[EventType "swiss"]
[EventRounds "9"]
[EventCountry "ESP"]
[Source "lmi"]
[SourceDate "2006.01.09"]

1. e4 d6 2. d4 g6 3. Nc3 c6 4. Be3 b5 5. a3 Bg7 6. f4 Nd7 7. Nf3 Nb6 8. h3 Nf6
9. Bd3 O-O 10. O-O a6 11. Qe1 Qc7 12. Qh4 c5 13. e5 Nfd5 14. Bf2 Nxc3 15. bxc3
c4 16. Be2 Nd5 17. Ng5 h6 18. Ne4 f5 19. exf6 exf6 20. Bf3 f5 21. Nf6+ Nxf6 22.
Bxa8 d5 23. Qg3 Be6 24. Qxg6 Rxa8 25. Rae1 Qf7 26. Qxf7+ Kxf7 27. Rb1 Ne4 28.
Be1 Bf8 29. Ra1 Bd6 30. g3 h5 31. h4 Bd7 32. Rf3 Re8 33. Re3 Nf6 34. Rxe8 Kxe8
35. Kf2 Ne4+ 36. Ke3 Bc7 37. Rb1 Ba5 38. Rb4 Kd8 39. Ke2 Kc7 40. Ke3 Kc6 41.
Ke2 Bc7 42. Rb1 Bc8 43. Kd1 Bd6 44. Ra1 a5 45. Kc1 Kb6 46. Kb2 b4 47. axb4 axb4
48. Ra8 Kb7 49. Ra5 bxc3+ 50. Bxc3 Nxg3 51. Bd2 Be6 52. Ra1 Bd7 53. Rg1 c3+ 54.
Bxc3 Bxf4 55. Be1 Ne4 56. Rg7 Kc6 57. Rg6+ Bd6 58. Kb3 f4 59. c4 Be8 60. Rh6
dxc4+ 61. Kxc4 f3 62. d5+ Kd7 63. Rh7+ Kd8 64. Ba5+ Kc8 65. Rh8 f2 66. Rxe8+
Kd7 67. Rxe4 f1=Q+ 68. Kc3 Qa1+ 0-1

[Event "31. Abierto Ciudad de Sevilla"]
[Site "Sevilla ESP"]
[Date "2006.01.08"]
[Round "2.16"]
[White "Paunovic, Dragan"]
[Black "Christiansmeier, Sven"]
[Result "1-0"]
[WhiteElo "2475"]
[BlackElo "2038"]
[PlyCount "109"]
[EventDate "2006.01.07"]
[EventType "swiss"]
[EventRounds "9"]
[EventCountry "ESP"]
[Source "lmi"]
[SourceDate "2006.01.09"]

1. c4 e6 2. g3 d5 3. Bg2 Nf6 4. Nf3 dxc4 5. Qa4+ c6 6. Qxc4 b5 7. Qc2 Bb7 8.
O-O Nbd7 9. b3 Rc8 10. Bb2 Be7 11. d3 O-O 12. Nbd2 a6 13. Rac1 Qa5 14. a3 Qc7
15. Qb1 Rfd8 16. Qa1 Qb8 17. Ne5 Bxa3 18. Nxd7 Bxb2 19. Nxb8 Bxa1 20. Nxa6 Bb2
21. Rc2 Bxa6 22. Rxb2 b4 23. Rc1 Nd5 24. Rbc2 Bb5 25. Bxd5 Rxd5 26. Nc4 Rc7 27.
Ne3 Rd8 28. Ra2 Kf8 29. Nc2 Ke7 30. Nxb4 Kd6 31. Nc2 Rb8 32. Ne3 f6 33. f4 Rbb7
34. Kf2 Ra7 35. Rca1 Rxa2 36. Rxa2 Kc5 37. Nc2 Re7 38. Ra8 h6 39. b4+ Kd6 40.
Nd4 Rd7 41. Ke3 Rb7 42. Ra5 Kd5 43. Nxb5 cxb5 44. Ra6 g5 45. Kd2 f5 46. Ke3
gxf4+ 47. gxf4 h5 48. Ra8 Rh7 49. Rc8 Kd6 50. Kf3 h4 51. Rc5 Rb7 52. e4 fxe4+
53. dxe4 Rb8 54. Kg4 Rg8+ 55. Rg5 1-0

[Event "31. Abierto Ciudad de Sevilla"]
[Site "Sevilla ESP"]
[Date "2006.01.08"]
[Round "2.17"]
[White "Volpinari, Danilo"]
[Black "Hoffman, Alejandro"]
[Result "0-1"]
[WhiteElo "2032"]
[BlackElo "2461"]
[PlyCount "68"]
[EventDate "2006.01.07"]
[EventType "swiss"]
[EventRounds "9"]
[EventCountry "ESP"]
[Source "lmi"]
[SourceDate "2006.01.09"]

1. e4 c5 2. Nf3 g6 3. d4 Bg7 4. Nc3 cxd4 5. Nxd4 Nc6 6. Be3 Nf6 7. Bc4 O-O 8.
O-O d6 9. h3 Bd7 10. Bb3 Rc8 11. Qd2 Re8 12. f4 Qa5 13. Nf3 Red8 14. Qf2 Be8
15. Rad1 b6 16. Qh4 Qh5 17. Qf2 h6 18. Nd2 Na5 19. Bd5 e6 20. Bb3 Nxb3 21. axb3
Bc6 22. Ra1 Rc7 23. Bd4 e5 24. Be3 exf4 25. Bxf4 Re7 26. Rfe1 g5 27. Bg3 Qg6
28. e5 dxe5 29. Bxe5 Qxc2 30. Nf3 Qxf2+ 31. Kxf2 Bxf3 32. Bxf6 Rxe1 33. Bxd8
Rxa1 34. Kxf3 Bxc3 0-1

[Event "31. Abierto Ciudad de Sevilla"]
[Site "Sevilla ESP"]
[Date "2006.01.08"]
[Round "2.18"]
[White "Fernandez Romero, Ernesto"]
[Black "Rodriguez Morales, Alberto"]
[Result "1-0"]
[WhiteElo "2460"]
[BlackElo "2033"]
[PlyCount "75"]
[EventDate "2006.01.07"]
[EventType "swiss"]
[EventRounds "9"]
[EventCountry "ESP"]
[Source "lmi"]
[SourceDate "2006.01.09"]

1. e4 c5 2. Nf3 Nc6 3. d4 cxd4 4. Nxd4 e5 5. Nb5 a6 6. Nd6+ Bxd6 7. Qxd6 Qf6 8.
Qa3 Nge7 9. Nc3 O-O 10. h4 Nd4 11. Bd3 h6 12. Be3 Rd8 13. O-O-O d5 14. f4 Bg4
15. fxe5 Qxe5 16. Bxd4 Qxd4 17. Qxe7 Bxd1 18. Rxd1 Re8 19. Qc7 dxe4 20. Bc4
Qe3+ 21. Kb1 Kh8 22. Qxf7 Rad8 23. Rc1 b5 24. Bb3 Rf8 25. Qh5 g6 26. Qe5+ Kh7
27. Nd5 Qf2 28. h5 gxh5 29. Qxe4+ Qf5 30. Qe7+ Kh8 31. Qb7 Rd6 32. a3 Qg5 33.
Re1 Qxg2 34. Ka2 a5 35. Qe7 Rfd8 36. Nf6 Qg6 37. Ne8 Rd4 38. Qf8+ 1-0

[Event "31. Abierto Ciudad de Sevilla"]
[Site "Sevilla ESP"]
[Date "2006.01.08"]
[Round "2.19"]
[White "Camino Rubio, Manuel"]
[Black "Komljenovic, Davor"]
[Result "0-1"]
[WhiteElo "2032"]
[BlackElo "2458"]
[PlyCount "92"]
[EventDate "2006.01.07"]
[EventType "swiss"]
[EventRounds "9"]
[EventCountry "ESP"]
[Source "lmi"]
[SourceDate "2006.01.09"]

1. e4 c5 2. d4 cxd4 3. c3 dxc3 4. Nxc3 a6 5. Bc4 e6 6. Nf3 b5 7. Bb3 Bb7 8. a3
Ne7 9. O-O Ng6 10. Re1 Be7 11. Bc2 O-O 12. Be3 Nc6 13. Qe2 Na5 14. Rad1 Nc4 15.
Bc1 Qc7 16. Qd3 Rfd8 17. Ne2 Rac8 18. Bb1 d5 19. exd5 Rxd5 20. Qc2 Bf6 21. Rxd5
Bxd5 22. b3 Na5 23. Qxc7 Rxc7 24. b4 Nb3 25. Be3 Bb2 26. Nfd4 Nxd4 27. Bxd4
Bxa3 28. Bc3 f6 29. Bxg6 hxg6 30. Ra1 Rxc3 31. Nxc3 Bb2 32. Nxd5 Bxa1 33. Nc7
Be5 34. Nxa6 Bd6 35. Kf1 Kf7 36. Ke2 Ke7 37. Kd3 Kd7 38. Kd4 Kc6 39. h4 e5+ 40.
Ke4 f5+ 41. Kd3 Kb6 42. Nc5 Bxc5 43. bxc5+ Kxc5 44. Kc3 b4+ 45. Kb3 e4 46. g3
Kb5 0-1

[Event "31. Abierto Ciudad de Sevilla"]
[Site "Sevilla ESP"]
[Date "2006.01.08"]
[Round "2.20"]
[White "Teran Alvarez, Ismael"]
[Black "Lopez Garcia, Fernando"]
[Result "1-0"]
[WhiteElo "2446"]
[BlackElo "2027"]
[PlyCount "103"]
[EventDate "2006.01.07"]
[EventType "swiss"]
[EventRounds "9"]
[EventCountry "ESP"]
[Source "lmi"]
[SourceDate "2006.01.09"]

1. e4 c5 2. Nf3 e6 3. d3 d5 4. Qe2 Nc6 5. g3 dxe4 6. dxe4 Nf6 7. Bg2 Be7 8. O-O
e5 9. c3 O-O 10. Na3 Qc7 11. Nc4 h6 12. Nh4 Be6 13. Ne3 Rad8 14. Nhf5 Rfe8 15.
Nxe7+ Nxe7 16. Re1 c4 17. Qc2 Ng4 18. a4 Nxe3 19. Bxe3 Nc6 20. f4 f6 21. f5 Bf7
22. g4 Na5 23. Qf2 b6 24. h4 Nb3 25. Rad1 Rxd1 26. Rxd1 Rd8 27. Qe2 Rd6 28. g5
hxg5 29. hxg5 fxg5 30. Bxg5 Qd7 31. Rf1 Nc5 32. f6 g6 33. a5 b5 34. Qf2 Ne6 35.
Qg3 Nxg5 36. Qxg5 Qe8 37. Rf3 Rd3 38. Rf5 Rd6 39. Rxe5 Qd8 40. Re7 Rd1+ 41. Kh2
a6 42. Qh6 Qf8 43. Qxf8+ Kxf8 44. e5 Re1 45. Kg3 Re2 46. Bf3 Rxb2 47. e6 Bxe6
48. Rxe6 Rb3 49. Rxa6 Rxc3 50. Rb6 Rb3 51. Kg4 Kf7 52. Bd5+ 1-0

[Event "31. Abierto Ciudad de Sevilla"]
[Site "Sevilla ESP"]
[Date "2006.01.09"]
[Round "3.2"]
[White "Hickl, Joerg"]
[Black "Lanzani, Mario"]
[Result "1-0"]
[WhiteElo "2555"]
[BlackElo "2356"]
[PlyCount "97"]
[EventDate "2006.01.07"]
[EventType "swiss"]
[EventRounds "9"]
[EventCountry "ESP"]
[Source "lmi"]
[SourceDate "2006.01.09"]

1. g3 d5 2. Nf3 c6 3. Bg2 Bg4 4. b3 Nd7 5. Bb2 Ngf6 6. d3 e6 7. O-O a5 8. a3
Bd6 9. Nbd2 O-O 10. c4 Re8 11. Qc2 Qe7 12. h3 Bh5 13. Rfe1 Red8 14. e4 dxe4 15.
dxe4 Bxf3 16. Nxf3 e5 17. Red1 g6 18. Rd2 Nc5 19. b4 axb4 20. axb4 Rxa1+ 21.
Bxa1 Ncxe4 22. Re2 Bxb4 23. Bxe5 Nd2 24. Nxd2 Rxd2 25. Rxd2 Qxe5 26. Re2 Qd4
27. Bf3 b5 28. cxb5 cxb5 29. Kg2 Bf8 30. Rd2 Qe5 31. Rd8 Kg7 32. Ra8 Bc5 33.
Rc8 Bd6 34. Rc6 h5 35. h4 Qd4 36. Qe2 b4 37. Qc2 Nd7 38. Rc4 Qf6 39. Qd1 Ne5
40. Rf4 Qe7 41. Bd5 f5 42. Rd4 Bc5 43. Rd2 f4 44. gxf4 Ng4 45. Qa1+ Kh7 46. Qa8
Nf6 47. Bf3 Bd6 48. Ra2 Ne8 49. Re2 1-0

[Event "31. Abierto Ciudad de Sevilla"]
[Site "Sevilla ESP"]
[Date "2006.01.09"]
[Round "3.3"]
[White "Razmyslov, Alexander"]
[Black "Campora Sivori, Daniel"]
[Result "0-1"]
[WhiteElo "2329"]
[BlackElo "2541"]
[PlyCount "82"]
[EventDate "2006.01.07"]
[EventType "swiss"]
[EventRounds "9"]
[EventCountry "ESP"]
[Source "lmi"]
[SourceDate "2006.01.09"]

1. d4 Nf6 2. c4 e6 3. Nf3 b6 4. a3 Bb7 5. Nc3 d5 6. Qa4+ c6 7. cxd5 exd5 8. Bg5
Be7 9. g3 O-O 10. Bxf6 Bxf6 11. Bg2 Re8 12. O-O Nd7 13. Rfe1 c5 14. Rad1 a6 15.
dxc5 Nxc5 16. Qg4 Bxc3 17. bxc3 Qf6 18. Qd4 Ne4 19. c4 dxc4 20. Qxc4 Nc3 21.
Rd7 Nxe2+ 22. Rxe2 Bxf3 23. Bxf3 Qxf3 24. Ree7 Rxe7 25. Rxe7 g6 26. Rc7 a5 27.
a4 Rd8 28. Rc8 Rxc8 29. Qxc8+ Kg7 30. Qc4 h5 31. h4 Qf6 32. Kf1 Qe5 33. Kg2 Qc5
34. Qe4 b5 35. axb5 Qxb5 36. g4 hxg4 37. Qxg4 Qb4 38. Qe2 Qd4 39. Kg3 a4 40. h5
Qd6+ 41. f4 gxh5 0-1

[Event "31. Abierto Ciudad de Sevilla"]
[Site "Sevilla ESP"]
[Date "2006.01.09"]
[Round "3.4"]
[White "Dizdar, Goran"]
[Black "Prados Montaño, Antonio"]
[Result "1-0"]
[WhiteElo "2531"]
[BlackElo "2203"]
[PlyCount "93"]
[EventDate "2006.01.07"]
[EventType "swiss"]
[EventRounds "9"]
[EventCountry "ESP"]
[Source "lmi"]
[SourceDate "2006.01.09"]

1. d4 Nf6 2. Nf3 e6 3. c4 b6 4. g3 Ba6 5. Nbd2 d5 6. Bg2 Bb7 7. O-O Be7 8. cxd5
exd5 9. Ne5 O-O 10. Qc2 c5 11. dxc5 bxc5 12. Rd1 Qc7 13. Ndf3 Na6 14. Bf4 Qb6
15. Rac1 Rad8 16. a3 Bd6 17. Bg5 Be7 18. Nh4 Rfe8 19. Nf5 Bf8 20. Nd3 h6 21.
Bxf6 Qxf6 22. Nf4 Nc7 23. Ne3 d4 24. Nc4 Bxg2 25. Kxg2 Ne6 26. Nd3 Ng5 27. f3
Ne6 28. Re1 Nc7 29. Nf2 Nd5 30. Ng4 Qa6 31. e4 d3 32. Qd2 Nb6 33. Nge3 Rd4 34.
b3 Nxc4 35. Nxc4 Rb8 36. Rc3 Rxb3 37. Rxb3 Qxc4 38. Rb8 Qa4 39. Reb1 c4 40. Rc8
Qd7 41. Rbb8 Kh7 42. Rxf8 c3 43. Qf4 d2 44. Rh8+ Kg6 45. Rbg8 f6 46. Rxh6+ Kf7
47. Rxg7+ 1-0

[Event "31. Abierto Ciudad de Sevilla"]
[Site "Sevilla ESP"]
[Date "2006.01.09"]
[Round "3.5"]
[White "Recuero Guerra, David"]
[Black "Narciso Dublan, Marc"]
[Result "0-1"]
[WhiteElo "2315"]
[BlackElo "2525"]
[PlyCount "66"]
[EventDate "2006.01.07"]
[EventType "swiss"]
[EventRounds "9"]
[EventCountry "ESP"]
[Source "lmi"]
[SourceDate "2006.01.09"]

1. e4 g6 2. d4 Bg7 3. Nc3 d6 4. f4 a6 5. Nf3 b5 6. Bd3 Nd7 7. O-O c5 8. a4 cxd4
9. Ne2 bxa4 10. Nexd4 Ngf6 11. Kh1 e5 12. Ne2 O-O 13. Nc3 Bb7 14. Bc4 Qc7 15.
Qe2 exf4 16. Bxf4 Rae8 17. Ng5 h6 18. Nxf7 Rxf7 19. Bxf7+ Kxf7 20. Rxa4 Kg8 21.
Qd2 Nc5 22. Rc4 Qf7 23. Rb4 Nfxe4 24. Nxe4 Nxe4 25. Qd3 a5 26. Rb6 Rf8 27. Qb5
Bd5 28. Re1 Bd4 29. c3 Nf2+ 30. Kg1 Nh3+ 31. Kh1 Nxf4 32. cxd4 Bxg2+ 33. Kg1
Nh3+ 0-1

[Event "31. Abierto Ciudad de Sevilla"]
[Site "Sevilla ESP"]
[Date "2006.01.09"]
[Round "3.6"]
[White "Lopez Martinez, Josep Manuel"]
[Black "Enjuto Velasco, Roberto"]
[Result "1/2-1/2"]
[WhiteElo "2518"]
[BlackElo "2196"]
[PlyCount "46"]
[EventDate "2006.01.07"]
[EventType "swiss"]
[EventRounds "9"]
[EventCountry "ESP"]
[Source "lmi"]
[SourceDate "2006.01.09"]

1. Nf3 Nf6 2. c4 g6 3. Nc3 Bg7 4. e4 d6 5. d4 O-O 6. Be2 e5 7. O-O Nc6 8. d5
Ne7 9. Ne1 Nd7 10. Be3 f5 11. f3 f4 12. Bf2 g5 13. Rc1 Rf6 14. c5 Nxc5 15. b4
Na6 16. Nd3 Rh6 17. Kh1 Qe8 18. Bg1 c6 19. dxc6 bxc6 20. b5 Nc7 21. Nb4 cxb5
22. Ncd5 Nexd5 23. Nxd5 Nxd5 1/2-1/2

[Event "31. Abierto Ciudad de Sevilla"]
[Site "Sevilla ESP"]
[Date "2006.01.09"]
[Round "3.7"]
[White "Jimenez Hernandez, Cayetano"]
[Black "Perez Candelario, Manuel"]
[Result "0-1"]
[WhiteElo "2215"]
[BlackElo "2511"]
[PlyCount "106"]
[EventDate "2006.01.07"]
[EventType "swiss"]
[EventRounds "9"]
[EventCountry "ESP"]
[Source "lmi"]
[SourceDate "2006.01.09"]

1. e4 e5 2. Nf3 Nc6 3. Bb5 a6 4. Ba4 Nf6 5. O-O Be7 6. Re1 b5 7. Bb3 d6 8. c3
O-O 9. h3 Na5 10. Bc2 c5 11. d4 Qc7 12. Nbd2 cxd4 13. cxd4 Bb7 14. Nf1 Rac8 15.
Bb1 d5 16. dxe5 Nxe4 17. Be3 Rfd8 18. Bd3 Nc4 19. Rc1 Bb4 20. b3 Qe7 21. Bd4
Bxe1 22. Qxe1 Na3 23. Ne3 Rxc1 24. Qxc1 Rc8 25. Qb2 b4 26. Nf5 Qc7 27. Kh2 Nb5
28. g3 Nxd4 29. Qxd4 a5 30. N3h4 Qc5 31. Qb2 Qxf2+ 32. Qxf2 Nxf2 33. Ne7+ Kf8
34. Nxc8 Nxd3 35. Nd6 Ba6 36. Nf3 g6 37. g4 Ke7 38. g5 Nxe5 39. Nxe5 Kxd6 40.
Nxf7+ Ke6 41. Nd8+ Ke7 42. Nc6+ Kd6 43. Nd4 Ke5 44. Nf3+ Ke4 45. Kg2 Be2 46.
Ne1 Ke3 47. Nc2+ Kd3 48. Ne1+ Kc3 49. Kf2 Bh5 50. Ke3 d4+ 51. Ke4 Be2 52. Ng2
d3 53. Nf4 d2 0-1

[Event "31. Abierto Ciudad de Sevilla"]
[Site "Sevilla ESP"]
[Date "2006.01.09"]
[Round "3.9"]
[White "Melero Fidalgo, Juan de Dios"]
[Black "Rizouk, Aimen"]
[Result "0-1"]
[WhiteElo "2195"]
[BlackElo "2500"]
[PlyCount "78"]
[EventDate "2006.01.07"]
[EventType "swiss"]
[EventRounds "9"]
[EventCountry "ESP"]
[Source "lmi"]
[SourceDate "2006.01.09"]

1. e4 c5 2. Nf3 d6 3. d4 cxd4 4. Nxd4 Nf6 5. Nc3 Nc6 6. Be2 e5 7. Nf3 h6 8. O-O
Be6 9. Re1 Be7 10. Nd2 Rc8 11. Nf1 Nd4 12. Bd3 O-O 13. h3 Qc7 14. Ne3 Qc5 15.
Ne2 Rfe8 16. c3 Nxe2+ 17. Qxe2 a6 18. Bd2 Qc6 19. Nf5 Bxf5 20. exf5 Bd8 21. a4
d5 22. a5 Bc7 23. Bc2 Qd6 24. g3 e4 25. Bf4 Qd8 26. Bxc7 Rxc7 27. Ba4 Ree7 28.
Qd2 Re5 29. f4 Ree7 30. Bb3 Rc5 31. g4 Rxa5 32. Rxa5 Qxa5 33. Kh2 Qb6 34. Bd1
e3 35. Qg2 Qd6 36. Qg3 d4 37. cxd4 Qxd4 38. Bf3 Ne4 39. Qg2 Nd2 0-1

[Event "31. Abierto Ciudad de Sevilla"]
[Site "Sevilla ESP"]
[Date "2006.01.09"]
[Round "3.10"]
[White "Khamrakulov, Ibragim S"]
[Black "Andres Flores, Antonio"]
[Result "1-0"]
[WhiteElo "2499"]
[BlackElo "2145"]
[PlyCount "59"]
[EventDate "2006.01.07"]
[EventType "swiss"]
[EventRounds "9"]
[EventCountry "ESP"]
[Source "lmi"]
[SourceDate "2006.01.09"]

1. e4 e6 2. d4 d5 3. Nd2 dxe4 4. Nxe4 Bd7 5. Nf3 Bc6 6. Bd3 Nd7 7. O-O Ngf6 8.
Ng3 Be7 9. Re1 O-O 10. c3 b6 11. Bc2 Bb7 12. Qd3 c5 13. Ng5 g6 14. h4 cxd4 15.
cxd4 Nd5 16. a3 N7f6 17. Nf3 Ng4 18. h5 Qc8 19. Bb3 Qc7 20. hxg6 Nf4 21. Bxf4
Qxf4 22. gxf7+ Kh8 23. Bxe6 Nxf2 24. Kxf2 Bh4 25. Kg1 Bxg3 26. Re2 Rxf7 27.
Bxf7 Qxf7 28. Ng5 Qc7 29. Rc2 Bh2+ 30. Kh1 1-0

[Event "31. Abierto Ciudad de Sevilla"]
[Site "Sevilla ESP"]
[Date "2006.01.09"]
[Round "3.11"]
[White "Romero Garcia, Mariano"]
[Black "Mirzoev, Azer"]
[Result "0-1"]
[WhiteElo "2182"]
[BlackElo "2498"]
[PlyCount "54"]
[EventDate "2006.01.07"]
[EventType "swiss"]
[EventRounds "9"]
[EventCountry "ESP"]
[Source "lmi"]
[SourceDate "2006.01.09"]

1. e4 c5 2. Nf3 e6 3. d4 cxd4 4. Nxd4 a6 5. Bd3 g6 6. O-O Bg7 7. c3 Ne7 8. Be3
O-O 9. Nd2 d5 10. N2f3 Nd7 11. Nb3 Qc7 12. Qd2 dxe4 13. Bxe4 Nf6 14. Bc2 Rd8
15. Qe2 Bd7 16. Rad1 Ned5 17. Bd4 Bb5 18. Bd3 Nf4 19. Qc2 Bxd3 20. Rxd3 Nxd3
21. Qxd3 Rac8 22. Qe3 Nd5 23. Qe2 Ne7 24. Re1 Bxd4 25. Nbxd4 Nc6 26. Nb3 Rd5
27. Qe3 Rcd8 0-1

[Event "31. Abierto Ciudad de Sevilla"]
[Site "Sevilla ESP"]
[Date "2006.01.09"]
[Round "3.12"]
[White "Del Rio Angelis, Salvador Gabriel"]
[Black "Carrabeo Garcia, Manuel"]
[Result "1-0"]
[WhiteElo "2497"]
[BlackElo "2135"]
[PlyCount "89"]
[EventDate "2006.01.07"]
[EventType "swiss"]
[EventRounds "9"]
[EventCountry "ESP"]
[Source "lmi"]
[SourceDate "2006.01.09"]

1. e4 e6 2. d3 d5 3. Qe2 Nf6 4. Nf3 Be7 5. g3 O-O 6. Bg2 c5 7. O-O Nc6 8. e5
Nd7 9. c4 Nb6 10. Rd1 f6 11. Nc3 fxe5 12. Nxe5 Nxe5 13. Qxe5 Bf6 14. Qe2 Bd4
15. Be3 Bxe3 16. fxe3 Qg5 17. Rf1 Bd7 18. Rf4 Bc6 19. Raf1 Rad8 20. Bh3 Qg6 21.
cxd5 Nxd5 22. Nxd5 Bxd5 23. Rxf8+ Rxf8 24. Rxf8+ Kxf8 25. e4 Bxa2 26. b4 Qh6
27. Qxa2 Qxh3 28. Qxa7 cxb4 29. Qxb7 Qh5 30. Qxb4+ Ke8 31. Qb8+ Ke7 32. Qa7+
Ke8 33. Qe3 Qd1+ 34. Kg2 e5 35. Qg5 Qe2+ 36. Kh3 Qxd3 37. Qxe5+ Kf7 38. Qf5+
Ke7 39. Qxh7 Qf1+ 40. Kh4 Qf6+ 41. Kg4 Qb2 42. Kh3 Qf6 43. Qh4 g5 44. Qh7+ Ke6
45. Kg4 1-0

[Event "31. Abierto Ciudad de Sevilla"]
[Site "Sevilla ESP"]
[Date "2006.01.09"]
[Round "3.13"]
[White "Viñas Guerrero, Carlos A"]
[Black "Gomez Esteban, Juan Mario"]
[Result "0-1"]
[WhiteElo "2160"]
[BlackElo "2490"]
[PlyCount "84"]
[EventDate "2006.01.07"]
[EventType "swiss"]
[EventRounds "9"]
[EventCountry "ESP"]
[Source "lmi"]
[SourceDate "2006.01.09"]

1. e4 c6 2. Nc3 d5 3. Nf3 Bg4 4. h3 Bxf3 5. Qxf3 e6 6. d4 dxe4 7. Qe3 Bb4 8.
Bd2 Bxc3 9. bxc3 Nf6 10. g4 h6 11. Bg2 Nbd7 12. Bxe4 Nxe4 13. Qxe4 Nb6 14. O-O
Nc4 15. Bf4 Qd5 16. Qe2 O-O 17. Rfb1 b5 18. a4 a5 19. f3 Ra7 20. Qe4 Rd8 21.
Kf2 Rb7 22. Ke2 Rdd7 23. h4 bxa4 24. Rxb7 Rxb7 25. Rxa4 Rb1 26. Qxd5 cxd5 27.
Bc7 Rb7 28. Bd8 Rd7 29. Rxc4 dxc4 30. Bxa5 Ra7 31. Bb4 Ra2 32. Kd2 Ra1 33. h5
Rg1 34. Bd6 Rg2+ 35. Kc1 Rf2 36. f4 f6 37. Kb2 Rf3 38. f5 exf5 39. gxf5 Rxf5
40. Ka3 Kf7 41. Kb4 Ke6 42. Bf8 Kd5 0-1

[Event "31. Abierto Ciudad de Sevilla"]
[Site "Sevilla ESP"]
[Date "2006.01.09"]
[Round "3.14"]
[White "Movsziszian, Karen"]
[Black "Diaz Rodriguez, Jose Antonio"]
[Result "1-0"]
[WhiteElo "2486"]
[BlackElo "2108"]
[PlyCount "57"]
[EventDate "2006.01.07"]
[EventType "swiss"]
[EventRounds "9"]
[EventCountry "ESP"]
[Source "lmi"]
[SourceDate "2006.01.09"]

1. e4 e6 2. d4 d5 3. e5 c5 4. c3 cxd4 5. cxd4 Nc6 6. Nf3 Qb6 7. Nc3 Bd7 8. a3
Rc8 9. Na4 Qd8 10. b4 a5 11. b5 Na7 12. Rb1 b6 13. Bd3 f5 14. exf6 Nxf6 15. O-O
Bd6 16. Re1 O-O 17. Rb3 Ne4 18. Bxe4 dxe4 19. Bg5 Qe8 20. Rxe4 Qg6 21. Nxb6
Qxe4 22. Nxd7 Rxf3 23. gxf3 Qf5 24. Be3 Nxb5 25. Nc5 Nc7 26. Ne4 Bf4 27. Qc1
Bxe3 28. Rxe3 Qg6+ 29. Kf1 1-0

[Event "31. Abierto Ciudad de Sevilla"]
[Site "Sevilla ESP"]
[Date "2006.01.09"]
[Round "3.16"]
[White "Hoffman, Alejandro"]
[Black "Troncoso Gutierrez, Adrian"]
[Result "1-0"]
[WhiteElo "2461"]
[BlackElo "2107"]
[PlyCount "91"]
[EventDate "2006.01.07"]
[EventType "swiss"]
[EventRounds "9"]
[EventCountry "ESP"]
[Source "lmi"]
[SourceDate "2006.01.09"]

1. d4 d5 2. c4 c6 3. Nf3 Nf6 4. e3 a6 5. Nbd2 Bg4 6. Qb3 b5 7. cxd5 cxd5 8. Ne5
e6 9. f3 Bf5 10. a4 b4 11. Bd3 Bxd3 12. Qxd3 Bd6 13. f4 Nbd7 14. b3 a5 15. Bb2
Rc8 16. Ke2 O-O 17. Rhc1 Qb6 18. h3 Qb7 19. Qb5 Qxb5+ 20. axb5 Rxc1 21. Bxc1
Ra8 22. Nc6 Ne8 23. Rxa5 Rxa5 24. Nxa5 Nc7 25. Nf3 Nxb5 26. Bd2 Nb8 27. Ne5 Na7
28. Nd3 Nac6 29. Nb7 Be7 30. Nbc5 Bxc5 31. Nxc5 Kf8 32. Kd3 Ke7 33. e4 Kd6 34.
e5+ Kc7 35. g4 g6 36. Be1 Kb6 37. Bh4 Kb5 38. Nb7 Na5 39. Nd6+ Ka6 40. Nxf7
Nxb3 41. Nd8 Kb6 42. Nxe6 Nc6 43. f5 gxf5 44. gxf5 Na1 45. f6 b3 46. Kc3 1-0